000 00647nam a2200229Ia 4500
001 973
003 GE_BSU
008 181216s||||||||xx |||||||||||||| ||und||
040 _cGE_BSU
080 _a596(075.8)
100 _aНаумов,С.П.
245 _aЗоология позвоночных .
245 _bДля студ.Билогических специальностей пед ин-тов
250 _aИзд. 3-е,пераб
260 _aМосква
260 _b,,Просвещеение
260 _c1973
300 _a424 с.
541 _h18 л.
653 _aЗоология позвоночных
942 _cBK
999 _c35132
_d35132